Nghệ thuật làm bố
v...v
Đã lưu trong:
| Tác giả chính: | |
|---|---|
| Định dạng: | Sách |
| Năm xuất bản: |
H.
Thanh niên
1999
|
| Chủ đề: | |
| Tags: |
Thêm thẻ
Không có thẻ, Hãy là người đầu tiên gắn thẻ bản ghi này!
|
| LEADER | 00729nam a2200169 4500 | ||
|---|---|---|---|
| 082 | |a 649.1 |b T100V | ||
| 100 | |a Tạ Văn Bảo | ||
| 245 | |a Nghệ thuật làm bố |c Tạ Văn Bảo | ||
| 260 | |a H. |b Thanh niên |c 1999 | ||
| 300 | |a 154tr. |c 19cm. | ||
| 520 | |a v...v | ||
| 653 | |a Gia đình | ||
| 653 | |a Nuôi dạy trẻ em | ||
| 942 | |2 ddc |c STK0 | ||
| 999 | |c 10102 |d 10102 | ||
| 952 | |0 0 |1 0 |2 ddc |4 0 |6 649_100000000000000_T100V |7 0 |8 600 |9 78883 |a qbu |b qbu |c D3 |d 2015-07-17 |g 12500 |o 649.1 T100V |p 10150.c1 |r 0000-00-00 |w 2015-07-17 |y STK0 |0 0 |6 649_100000000000000_T100V | ||
| 952 | |0 0 |1 0 |2 ddc |4 0 |6 649_100000000000000_T100V |7 0 |8 600 |9 78884 |a qbu |b qbu |c D3 |d 2015-07-17 |g 12500 |o 649.1 T100V |p 10150.c2 |r 0000-00-00 |w 2015-07-17 |y STK0 |0 0 |6 649_100000000000000_T100V | ||